| 000 | 00588 a2200181 4500 | ||
|---|---|---|---|
| 020 | _a0471862568 | ||
| 020 | _a9780471862567 | ||
| 082 | _a536.7 | ||
| 090 |
_c1184 _d1184 |
||
| 100 | 1 | _aCallen, Herbert B. | |
| 245 | 1 | 0 |
_aThermodynamics and an introduction to thermostatistics / _cHerbert B. Callen. |
| 250 | _a2nd ed. | ||
| 260 |
_a[S.l.] : _bWiley, _c1985. |
||
| 300 |
_a512 p. ; _c24 cm. |
||
| 700 | _aCallen, Herbert B. | ||
| 942 |
_aSNS _cBK _k536.7 CAL |
||
| 999 |
_c29797 _d29797 |
||